| 000 | 00636nam a2200217Ia 4500 | ||
|---|---|---|---|
| 005 | 20241129104149.0 | ||
| 008 | 241129s9999||||xx |||||||||||||| ||und|| | ||
| 020 | _a9781788822526 | ||
| 037 | _aTextual | ||
| 040 |
_aRTL _beng _cRTL |
||
| 041 |
_aeng _2eng |
||
| 084 |
_aX9(D85):8 Q9 _qRTL |
||
| 100 |
_aChambers Phoenix _9725057 |
||
| 245 | 0 |
_aStandard methods for the examination of water and wastewater _cChambers Phoenix |
|
| 260 |
_aUnited Kingdom _bED-TECH Press _c2019 |
||
| 300 | _axii,318p. | ||
| 365 |
_aINR _b15456.6 |
||
| 650 | _aGeography | ||
| 942 |
_cTB _hX9(D85):8 Q9 |
||
| 999 |
_c1224693 _d1224693 |
||